000 01168cam a2200349 i 4500
001 768714001
003 CO-MdFUSB
005 20210323164049.0
007 ta
008 961122t19971997-us b 000 0 eng
020 _a9780830819911
040 _aDLC
_beng
_cCO-MdFUSB
_dCO-MdFUSB
041 _aeng
082 _223
_a280.042
_bB653
100 1 _aBlomberg, Craig.
_eautor
245 1 0 _aHow wide the divide? :
_ba Mormon and an Evangelical in conversation
_c/ Craig L. Blomberg , Stephen E. Robinson.
264 1 _aDowners Grove, Ill. :
_bInterVarsity Press,
_c[1997]
264 4 _c©1997.
300 _a228 páginas ;
_c21 cm.
336 _atexto
_btxt
_2rdacontent.
337 _asin mediación
_bn
_2rdamedia.
338 _avolumen
_bnc
_2rdacarrier.
504 _aIncluye referencias bibliográficas (páginas 197-228).
505 0 _aEscritura - Dios y deificación - Cristo y la Trinidad - Salvación.
563 _aRústico
653 _aevangelicalismo
653 _aIglesia de Jesucristo de los Santos de los Últimos Días.
700 1 _aRobinson, Stephen Edward.
_eautor
942 _cBK
945 _aJTF-925
999 _c66693
_d66693